Exchange market pressure and monetary policy Asia and Latin America in the 1990s
Salvato in:
| Autore principale: | |
|---|---|
| Natura: | Libro |
| Lingua: | inglese |
| Pubblicazione: |
Washington
International Monetary Fund
1999
|
| Serie: | IMF Working Paper
WP/99/114 |
| Soggetti: | |
| Tags: |
Nessun Tag, puoi essere il primo ad aggiungerne!!
|
MARC
| LEADER | 00000nam a2200000 4500 | ||
|---|---|---|---|
| 001 | c123764 | ||
| 005 | 20221221082305.5 | ||
| 041 | 0 | |a eng | |
| 044 | |a US | ||
| 245 | 1 | 0 | |a Exchange market pressure and monetary policy |b Asia and Latin America in the 1990s |c Evan Tanner |
| 264 | 1 | |a Washington |b International Monetary Fund |c 1999 | |
| 300 | |a 42 s. | ||
| 490 | 1 | |a IMF Working Paper |v WP/99/114 | |
| 830 | 0 | |a IMF Working Paper |v WP/99/114 | |
| 610 | 2 | 0 | |a politika finančná |
| 610 | 2 | 0 | |a trh devízový |
| 610 | 2 | 0 | |a Ázia |
| 610 | 2 | 0 | |a Južná Amerika |
| 610 | 2 | 0 | |a 1990 |
| 100 | 1 | |a Tanner, Evan | |